000 00678cam a2200253 4500
008 090401t1994 xxu||||| |||| 00| 0 eng d
020 _a1857120329
035 _a(Sirsi) u46405
041 _aeng
050 _a657.96
110 _aAccounting Standards Board
_93454
240 _aFRS 7
245 _aFair values in acquisition accounting
260 _aMilton Keynes
_bAccounting Standards Board
_c1994
300 _a60p.
_c21cm.
350 _a6
490 _aASB Financial Reporting Standard
_v7
650 _aACQUISITIONS
650 _aASSETS
650 _aFAIR VALUES
690 _aPROPERTY-PROPERTY FINANCE AND INVESTMENT
942 _n0
948 _c04/03/1997
999 _c91920
_d91920